000 01363cam a22004334i 4500
003 PE-LiUPU
005 20250731173515.0
008 150616s r 000 0 d
035 _a(Sirsi) a7990
040 _aPE-LiUPU
_bspa
_cPE-LiUPU
_erda
049 _aPRUA
082 0 4 _a281
_bH22
_221
100 1 _aHartman, Louis O.,
_eautor.
245 1 0 _aPopular Aspects of Oriental Religions /
_cLouis O. Hartman.
264 1 _aNew York, Cincinnati :
_bThe Abingdon press,
_c[c1917].
300 _a255 páginas ;
_c21 cm.
336 _atext
_2rdacontent
337 _aunmediated
_2rdamedia
338 _avolume
_2rdacarrier
526 _aSEG42
526 _aSEG41
526 _aSEG40
526 _aSEG39
526 _aP94
526 _aP87
526 _aP86
526 _aP85
526 _aP77
526 _aP76
526 _aP35
650 0 4 _aReligiones.
910 _ajck
_bjvq
_cjck
942 _2ddc
_cBOOK
949 _a281 H22
_wDEWEY
_c1
_i22020
_lCCODEBUL1
_mBUL
_p00.00
_r0
_sY
_tBOOK
_u2015-04-23
_xBIBLIOTECA
_zUNKNOWN
_0COMPRA
_o.STAFF. Colección General
994 _aC0
_bPEPRU
596 _a1
999 _a281 H22
_wDEWEY
_c59292
_i22020
_f2021-11-12
_g5
_lCCODEBUL1
_mBUL
_r0
_sY
_tBOOK
_u2015-4-23
_xTEOLOGIA
_zUNKNOWN
_0COMPRA
_o.STAFF. Colección General
_d59292
980 _81
_gALBERTO SANCHEZ Responsable de Automatización